[Event "Titled Tue 3rd Jun Early"]
[Site "chess.com INT"]
[Date "2025.06.03"]
[Round "9"]
[White "Lazavik, Denis"]
[Black "Sychev, Klementy"]
[Result "1-0"]
[WhiteTitle "GM"]
[BlackTitle "GM"]
[WhiteElo "2577"]
[BlackElo "2542"]
[WhiteFideId "13515110"]
[BlackFideId "4114060"]
[EventDate "2025.06.03"]

1. d4 d5 2. c4 dxc4 3. Nf3 Nf6 4. e3 Bg4 5. Bxc4 e6 6. h3 Bh5 7. Nc3 c5 8. d5
exd5 9. Nxd5 Nc6 10. Nf4 Qxd1+ 11. Kxd1 Bxf3+ 12. gxf3 g5 13. Nd3 a6 14. a4 Na5
15. Ba2 c4 16. Ne5 b5 17. Bd2 Nb7 18. Ke2 Bd6 19. Bc3 Nd5 20. Bd4 f6 21. Ng4 Ke7
22. Bb1 h5 23. Be4 Ke6 24. Nxf6 Nxf6 25. Bxb7 Rab8 26. Bxa6 bxa4 27. Bxc4+ Kf5
28. Rxa4 Rhe8 29. Ra6 Be5 30. Bd3+ 1-0

[Event "Titled Tue 3rd Jun Early"]
[Site "chess.com INT"]
[Date "2025.06.03"]
[Round "9"]
[White "Kholyavko, Mariya"]
[Black "Dovgaliuk, Oleksandr"]
[Result "1-0"]
[WhiteTitle "WFM"]
[WhiteElo "2130"]
[BlackElo "2240"]
[WhiteFideId "13748505"]
[BlackFideId "14167247"]
[EventDate "2025.06.03"]

1. c4 g6 2. Nc3 Bg7 3. g3 Nf6 4. Bg2 O-O 5. e4 d6 6. Nge2 c5 7. d4 cxd4 8. Nxd4
Nc6 9. Nxc6 bxc6 10. e5 dxe5 11. Qxd8 Rxd8 12. Bxc6 Rb8 13. O-O Bh3 14. Re1 Rdc8
15. Bb5 e4 16. Bf4 Rb6 17. Be3 Rd6 18. Bxa7 Rd2 19. Re2 Rxe2 20. Nxe2 Ng4 21.
Nf4 Ra8 22. Bc5 Bxb2 23. Rb1 Rxa2 24. Nxh3 e5 25. Ng5 f5 26. Bb6 h6 27. c5 Kg7
28. Bc4 Ra4 29. Ne6+ Kf6 30. Bb3 Ra1 31. Bd8+ Kf7 32. Rxa1 Bxa1 33. c6 Ke8 34.
c7 Kd7 35. Nc5+ 1-0

[Event "Titled Tue 3rd Jun Early"]
[Site "chess.com INT"]
[Date "2025.06.03"]
[Round "9"]
[White "Vyom Malhotra"]
[Black "Ristic, Nebojsa M"]
[Result "0-1"]
[WhiteTitle "CM"]
[BlackTitle "IM"]
[WhiteElo "1975"]
[BlackElo "2248"]
[WhiteFideId "33383561"]
[BlackFideId "900850"]
[EventDate "2025.06.03"]

1. e4 e6 2. d4 d5 3. Nd2 Nf6 4. e5 Nfd7 5. Bd3 c5 6. c3 Nc6 7. Ne2 cxd4 8. cxd4
f6 9. exf6 Nxf6 10. O-O Bd6 11. Nf3 Qc7 12. Bg5 O-O 13. Bh4 Nh5 14. Qc2 h6 15.
Bh7+ Kh8 16. Bg6 Rxf3 17. Bxh5 Rf8 18. Bg3 Bd7 19. Rfe1 Be8 20. Bg4 Rf6 21. Bxd6
Qxd6 22. Ng3 Bg6 23. Qd2 Raf8 24. Re2 Qf4 25. Qxf4 Rxf4 26. Bxe6 Nxd4 27. Re3
Nc2 28. Bxd5 Nxa1 29. f3 Nc2 30. Rc3 b6 31. Ne2 R4f6 32. Kf2 Nb4 33. Bc4 Rd6 34.
a3 Nd3+ 35. Bxd3 Bxd3 36. Ng3 Bg6 37. Ke3 Re8+ 38. Ne4 Bxe4 39. fxe4 0-1

[Event "Titled Tue 3rd Jun Early"]
[Site "chess.com INT"]
[Date "2025.06.03"]
[Round "9"]
[White "Sagalchik, Gennadij"]
[Black "Gutierrez Carmona, Juan Alejandro"]
[Result "1-0"]
[WhiteTitle "GM"]
[BlackTitle "FM"]
[WhiteElo "2434"]
[BlackElo "2036"]
[WhiteFideId "2007916"]
[BlackFideId "5106770"]
[EventDate "2025.06.03"]

1. d4 d5 2. Nc3 e6 3. e4 dxe4 4. Nxe4 Nd7 5. Nf3 Ngf6 6. Nxf6+ Nxf6 7. Bg5 Be7
8. Bd3 Bd7 9. Qe2 Bc6 10. Ne5 Bxg2 11. Rg1 Bd5 12. a3 a6 13. O-O-O b5 14. Kb1
Bb7 15. Bxb5+ Kf8 16. Bc4 Nd5 17. Qf3 f6 18. Bc1 Rb8 19. Qg4 Rg8 20. Qxe6 fxe5
21. dxe5 c6 22. Rd3 1-0

[Event "Titled Tue 3rd Jun Early"]
[Site "chess.com INT"]
[Date "2025.06.03"]
[Round "9"]
[White "Shankland, Sam"]
[Black "Cahaya, Satria Duta"]
[Result "1-0"]
[WhiteTitle "GM"]
[BlackTitle "FM"]
[WhiteElo "2666"]
[BlackElo "2416"]
[WhiteFideId "2004887"]
[BlackFideId "7124252"]
[EventDate "2025.06.03"]

1. d4 Nf6 2. c4 g6 3. Nc3 d5 4. Nf3 Bg7 5. Qb3 dxc4 6. Qxc4 O-O 7. e4 Nc6 8. h3
e5 9. dxe5 Nd7 10. e6 Nde5 11. exf7+ Rxf7 12. Nxe5 Nxe5 13. Qb3 c6 14. Be3 Qe7
15. O-O-O Be6 16. Qc2 Qf8 17. g3 Nf3 18. Be2 b5 19. Kb1 a5 20. h4 h5 21. Bxf3
Rxf3 22. Ne2 Qf7 23. a3 b4 24. Nd4 Bxd4 25. Rxd4 bxa3 26. Rhd1 Rf8 27. Qc3 Ba2+
28. Ka1 axb2+ 29. Qxb2 Be6 30. Rd8 Qe7 31. Bh6 Re8 32. Rxe8+ 1-0

[Event "Titled Tue 3rd Jun Early"]
[Site "chess.com INT"]
[Date "2025.06.03"]
[Round "9"]
[White "Agarwal, Amaya"]
[Black "Redor, Menandro"]
[Result "0-1"]
[WhiteTitle "WCM"]
[WhiteElo "2004"]
[BlackElo "2021"]
[WhiteFideId "48733580"]
[BlackFideId "5222010"]
[EventDate "2025.06.03"]

1. e4 d5 2. exd5 Nf6 3. d4 Nxd5 4. Nf3 Bf5 5. c4 Nb4 6. Na3 e6 7. Be2 N8c6 8.
O-O Be7 9. Bf4 a6 10. h3 O-O 11. Re1 Bf6 12. Ne5 Nxd4 13. Nf3 Ndc2 14. Nxc2 Nxc2
15. g4 Bg6 16. Qxd8 Raxd8 17. Rad1 Nxe1 18. Rxe1 c6 19. g5 Bxb2 20. Rb1 Bxb1 0-1

[Event "Titled Tue 3rd Jun Early"]
[Site "chess.com INT"]
[Date "2025.06.03"]
[Round "9"]
[White "Tursunalieva, Nurelina"]
[Black "Ishvi, Aggarwal"]
[Result "0-1"]
[WhiteTitle "WCM"]
[BlackTitle "WCM"]
[WhiteElo "1810"]
[BlackElo "1954"]
[WhiteFideId "13817329"]
[BlackFideId "25728890"]
[EventDate "2025.06.03"]

1. e4 e5 2. Nf3 Nc6 3. Bb5 a6 4. Ba4 Nf6 5. O-O b5 6. Bb3 Bc5 7. d3 d6 8. Be3
Nd4 9. Bxd4 exd4 10. Nbd2 O-O 11. h3 Bb6 12. Nh2 c5 13. a4 Be6 14. axb5 Bxb3 15.
Nxb3 axb5 16. Rxa8 Qxa8 17. f4 c4 18. Nd2 c3 19. Nb3 cxb2 20. e5 Nd5 21. Ng4 Nc3
22. Qd2 dxe5 23. fxe5 b1=Q 24. Nf6+ Kh8 25. Nxh7 Kxh7 26. Qg5 Qxc2 27. Qh5+ Kg8
28. Qg4 Qxb3 29. Qg3 Ne2+ 30. Kh2 Nxg3 31. Kxg3 Qxd3+ 0-1

[Event "Titled Tue 3rd Jun Early"]
[Site "chess.com INT"]
[Date "2025.06.03"]
[Round "9"]
[White "Rosen, Eric"]
[Black "Mendonca, Leon Luke"]
[Result "0-1"]
[WhiteTitle "IM"]
[BlackTitle "GM"]
[WhiteElo "2377"]
[BlackElo "2630"]
[WhiteFideId "2032562"]
[BlackFideId "35028561"]
[EventDate "2025.06.03"]

1. d4 Nf6 2. Bf4 b6 3. Nf3 Bb7 4. c4 e6 5. e3 Nh5 6. Bg3 Nxg3 7. hxg3 g6 8. Nc3
Bg7 9. Qc2 d6 10. O-O-O Nd7 11. Kb1 Qe7 12. Be2 a6 13. g4 O-O-O 14. Qa4 Kb8 15.
c5 b5 16. Bxb5 axb5 17. Nxb5 dxc5 18. Qa7+ Kc8 19. Qa5 Nb6 20. dxc5 Be4+ 21. Ka1
Bxb2+ 22. Kxb2 Nc4+ 23. Kc3 Nxa5 24. Kb4 Nc6+ 25. Kc4 Bxf3 26. gxf3 Ne5+ 27. Kb4
Nd3+ 28. Rxd3 Rxd3 29. Rb1 c6 30. Na7+ Qxa7 0-1

[Event "Titled Tue 3rd Jun Early"]
[Site "chess.com INT"]
[Date "2025.06.03"]
[Round "9"]
[White "Bustelo, Tabare"]
[Black "Dominguez, Ramiro"]
[Result "0-1"]
[WhiteTitle "CM"]
[BlackTitle "FM"]
[WhiteElo "2043"]
[BlackElo "2185"]
[WhiteFideId "3000362"]
[BlackFideId "4420055"]
[EventDate "2025.06.03"]

1. d4 Nf6 2. Bg5 d5 3. Bxf6 exf6 4. e3 Be6 5. Bd3 Nd7 6. Nf3 Nb6 7. Nbd2 f5 8.
c3 c6 9. Qc2 g6 10. h4 h5 11. Ng5 Be7 12. f4 Bxg5 13. hxg5 Qe7 14. O-O-O O-O-O
15. Kb1 f6 16. Nf3 fxg5 17. Nxg5 Bd7 18. Rde1 Kb8 19. g3 Nc8 20. Nf3 Nd6 21. Ne5
Rhg8 22. Rh4 Nf7 23. Reh1 Nxe5 24. dxe5 Be6 25. Ka1 c5 26. Be2 Rd7 27. Rd1 Rgd8
28. Rhh1 d4 29. exd4 cxd4 30. cxd4 Rxd4 31. Rxd4 Rxd4 32. Rd1 Qd7 33. Rxd4 Qxd4
34. Qd1 Qb6 35. b3 a6 36. Kb2 Ka7 37. Qd3 Qf2 38. Ka3 Qg1 39. Qc3 Bd5 40. b4 Kb8
41. Kb2 Qf2 42. Qd3 Be4 43. Qd6+ Kc8 44. Qc5+ Qxc5 45. bxc5 Kd7 46. Kc3 Kc6 47.
Kb4 Bd5 48. a4 a5+ 49. Kxa5 Kxc5 50. Bb5 Be6 51. Be8 Bc8 52. Bxg6 b6# 0-1

[Event "Titled Tue 3rd Jun Early"]
[Site "chess.com INT"]
[Date "2025.06.03"]
[Round "9"]
[White "Ndirangu, Nyaruai, Joyce"]
[Black "Amarasinghe, A A C B"]
[Result "0-1"]
[WhiteTitle "WCM"]
[BlackTitle "CM"]
[WhiteElo "1933"]
[BlackElo "1949"]
[WhiteFideId "10802886"]
[BlackFideId "9901809"]
[EventDate "2025.06.03"]

1. d4 Nf6 2. Nf3 d5 3. Bf4 c5 4. e3 Nc6 5. c3 e6 6. Nbd2 cxd4 7. exd4 Nh5 8. Bg5
f6 9. Bh4 g6 10. Bd3 Nf4 11. Bf1 Bg7 12. h3 O-O 13. Bg3 Nh5 14. Bh2 e5 15. dxe5
fxe5 16. Bb5 e4 17. Bxc6 bxc6 18. Nd4 Bxd4 19. cxd4 Qf6 20. O-O Qxd4 21. Rc1 Ba6
22. Nb3 Qxb2 23. Rc2 Qf6 24. Re1 Rac8 25. Nc5 Bc4 26. Nd7 Qf5 27. Nxf8 Qxf8 28.
Be5 Qf5 0-1

[Event "Titled Tue 3rd Jun Early"]
[Site "chess.com INT"]
[Date "2025.06.03"]
[Round "9"]
[White "Nguyen Quang Anh"]
[Black "Dwilewicz, Katarzyna"]
[Result "1-0"]
[WhiteTitle "CM"]
[BlackTitle "WFM"]
[WhiteElo "2052"]
[BlackElo "2207"]
[WhiteFideId "12432377"]
[BlackFideId "1148486"]
[EventDate "2025.06.03"]

1. d4 Nf6 2. c4 b6 3. Nc3 Bb7 4. Nf3 g6 5. g3 Bg7 6. Bg2 O-O 7. O-O d6 8. Qc2
Nbd7 9. e4 e5 10. d5 a5 11. b3 Nh5 12. Bg5 f6 13. Be3 Qe8 14. Nb5 Rc8 15. Na7
Ra8 16. Nb5 Rc8 17. Bh3 h6 18. Nh4 Kh7 19. Nxg6 Kxg6 20. Qe2 Kh7 21. Bf5+ Kh8
22. Bxd7 Nf4 23. gxf4 Qxd7 24. f5 c6 25. Nc3 cxd5 26. Nxd5 Bxd5 27. cxd5 b5 28.
Kh1 Rg8 29. Rg1 Kh7 30. Qh5 Qe8 31. Rg6 Bf8 32. Rxh6+ 1-0

[Event "Titled Tue 3rd Jun Early"]
[Site "chess.com INT"]
[Date "2025.06.03"]
[Round "9"]
[White "Lymar, Vladislav"]
[Black "Luong Phuong Hanh"]
[Result "0-1"]
[WhiteTitle "CM"]
[BlackTitle "WIM"]
[WhiteElo "2216"]
[BlackElo "2144"]
[WhiteFideId "14162180"]
[BlackFideId "12401013"]
[EventDate "2025.06.03"]

1. e4 c5 2. Nc3 g6 3. f4 Bg7 4. Nf3 d6 5. a3 Nc6 6. Bc4 e6 7. Ba2 Nge7 8. d3 a6
9. O-O b5 10. Ne2 d5 11. c3 c4 12. Be3 cxd3 13. Qxd3 dxe4 14. Qxe4 O-O 15. Rad1
Qc7 16. Ne5 Nxe5 17. Qxa8 N5c6 18. Rd2 Bb7 19. Qxf8+ Bxf8 20. Rfd1 Nd5 21. Bxd5
exd5 22. Rxd5 Qe7 23. Kf2 Qh4+ 24. Ng3 Ne7 25. Rd7 Bc6 26. Rd8 Qxh2 27. Rg1 Qh4
28. Rh1 Qf6 29. Ne2 Nd5 30. Rc8 Nxe3 0-1

[Event "Titled Tue 3rd Jun Early"]
[Site "chess.com INT"]
[Date "2025.06.03"]
[Round "9"]
[White "Hoepfl, Thomas"]
[Black "Aalto, Patrik"]
[Result "1-0"]
[WhiteTitle "FM"]
[BlackTitle "FM"]
[WhiteElo "2194"]
[BlackElo "2313"]
[WhiteFideId "4615182"]
[BlackFideId "510726"]
[EventDate "2025.06.03"]

1. e4 c5 2. Nf3 e6 3. d3 d5 4. Qe2 Nf6 5. g3 Nc6 6. Bg2 Be7 7. O-O O-O 8. e5 Nd7
9. c4 Nb6 10. Bf4 Nd4 11. Nxd4 cxd4 12. b3 Bd7 13. Nd2 Bc6 14. Qg4 Kh8 15. Nf3
dxc4 16. dxc4 f5 17. exf6 Bxf6 18. Qxe6 Re8 19. Qg4 Bd7 20. Qh5 g6 21. Qa5 Bc6
22. Rad1 d3 23. Ne5 Bxe5 24. Bxe5+ Kg8 25. Bb2 Bxg2 26. Qc3 Qd7 27. Rxd3 Qe7 28.
Qh8+ Kf7 29. Qg7+ Ke6 30. Re1+ Kf5 31. Rxe7 1-0

[Event "Titled Tue 3rd Jun Early"]
[Site "chess.com INT"]
[Date "2025.06.03"]
[Round "9"]
[White "Pacheco, Daniel"]
[Black "Levitan, Judah Nathan"]
[Result "0-1"]
[WhiteTitle "FM"]
[BlackTitle "CM"]
[WhiteElo "2191"]
[BlackElo "2127"]
[WhiteFideId "101680"]
[BlackFideId "14332639"]
[EventDate "2025.06.03"]

1. d4 Nf6 2. Nf3 d5 3. Bg5 Ne4 4. Bh4 Bf5 5. e3 c6 6. Nbd2 Qb6 7. c4 Qxb2 8. Rb1
Qxa2 9. Rxb7 e6 10. cxd5 cxd5 11. Qc1 Nd7 12. Rxd7 Bb4 13. Rb7 Bxd2+ 14. Nxd2
O-O 15. Bd3 Rfc8 16. Qd1 Nc3 17. Bb1 Qa6 18. Qf3 Qxb7 19. O-O Bxb1 20. Nxb1 Nxb1
21. Qg3 Nd2 22. Bf6 g6 23. f3 Nxf1 24. Qg5 Qb4 25. Kxf1 Rc1+ 26. Kf2 Qe1# 0-1

[Event "Titled Tue 3rd Jun Early"]
[Site "chess.com INT"]
[Date "2025.06.03"]
[Round "9"]
[White "Murawski, Jan"]
[Black "Grabinsky, Vladimir"]
[Result "1-0"]
[WhiteTitle "CM"]
[BlackTitle "IM"]
[WhiteElo "2191"]
[BlackElo "2192"]
[WhiteFideId "21009287"]
[BlackFideId "14107074"]
[EventDate "2025.06.03"]

1. c4 e5 2. Nc3 Nf6 3. Nf3 Nc6 4. e4 Bc5 5. Nxe5 O-O 6. Nxc6 dxc6 7. Be2 Re8 8.
d3 h5 9. Bg5 Qd4 10. Be3 Qd6 11. d4 Nxe4 12. dxc5 Qg6 13. Nxe4 Qxe4 14. O-O h4
15. Bd3 Qe5 16. Qf3 Qxb2 17. Qh5 g6 18. Bxg6 1-0

[Event "Titled Tue 3rd Jun Early"]
[Site "chess.com INT"]
[Date "2025.06.03"]
[Round "9"]
[White "Xiong, Jeffery"]
[Black "Vasquez Schroeder, Rodrigo"]
[Result "1-0"]
[WhiteTitle "GM"]
[BlackTitle "GM"]
[WhiteElo "2636"]
[BlackElo "2446"]
[WhiteFideId "2047640"]
[BlackFideId "3400042"]
[EventDate "2025.06.03"]

1. e4 e6 2. d4 d5 3. exd5 exd5 4. Nf3 Bd6 5. c4 dxc4 6. Bxc4 Nf6 7. Qe2+ Be7 8.
O-O O-O 9. Nc3 Bg4 10. h3 Bxf3 11. Qxf3 Nc6 12. Rd1 Nxd4 13. Qxb7 c5 14. Bf4 Bd6
15. Bxd6 Qxd6 16. Nb5 Qe5 17. Nxd4 cxd4 18. Re1 Qd6 19. Rad1 a5 20. Re7 Rab8 21.
Rxf7 Kh8 22. Rxf8+ Rxf8 23. Qa7 Rd8 24. Qxa5 Ne4 25. Qf5 Nc5 26. b4 Na4 27. Bd3
g6 28. Qa5 Nb2 29. Rd2 Nxd3 30. Rxd3 Re8 31. b5 Re4 32. Qa8+ 1-0

[Event "Titled Tue 3rd Jun Early"]
[Site "chess.com INT"]
[Date "2025.06.03"]
[Round "9"]
[White "Barseghyan, Armen Ar."]
[Black "Calvo Gonzalez, Jose Felix"]
[Result "1-0"]
[WhiteTitle "IM"]
[BlackTitle "CM"]
[WhiteElo "2348"]
[BlackElo "2168"]
[WhiteFideId "13306707"]
[BlackFideId "54505615"]
[EventDate "2025.06.03"]

1. Nf3 Nf6 2. c4 g6 3. g3 Bg7 4. Bg2 O-O 5. O-O d5 6. cxd5 Nxd5 7. d4 Nb6 8. e4
Nc6 9. d5 Na5 10. Nc3 Nac4 11. Qc2 c6 12. b3 Ne5 13. Nxe5 Bxe5 14. dxc6 bxc6 15.
Bb2 Ba6 16. Rfd1 Qc7 17. f4 Bg7 18. e5 Rac8 19. Rac1 e6 20. Ne4 Nd5 21. Bd4 Qa5
22. Nd6 Rc7 23. Qc5 Qxa2 24. Ra1 Qe2 25. Bf1 1-0

[Event "Titled Tue 3rd Jun Early"]
[Site "chess.com INT"]
[Date "2025.06.03"]
[Round "9"]
[White "Novikova, Marharyta"]
[Black "Newansa, M Esandi"]
[Result "0-1"]
[WhiteTitle "WCM"]
[BlackTitle "WCM"]
[WhiteElo "1969"]
[BlackElo "1947"]
[WhiteFideId "14109689"]
[BlackFideId "9999060"]
[EventDate "2025.06.03"]

1. e4 c6 2. Nc3 d5 3. exd5 cxd5 4. d4 Nc6 5. Nf3 Nf6 6. Be2 Bg4 7. O-O e6 8. h3
Bh5 9. Ne5 Bxe2 10. Nxe2 Bd6 11. Nxc6 bxc6 12. Bf4 O-O 13. Qd2 Ne4 14. Qe3 Be7
15. Nc3 Nd6 16. b3 Nf5 17. Qd2 Bb4 18. a3 Ba5 19. b4 Bb6 20. Ne2 Qf6 21. c3 h6
22. Be5 Qe7 23. a4 a5 24. Rfb1 f6 25. Bh2 axb4 26. Rxb4 Ba5 27. Rb3 e5 28. Qb2
Nd6 29. Qa3 Qe6 30. Qc1 Nc4 31. Qc2 Rae8 32. dxe5 fxe5 33. Nc1 Bb6 34. Kh1 Rxf2
35. Qd3 e4 36. Qg3 Rf1+ 0-1

[Event "Titled Tue 3rd Jun Early"]
[Site "chess.com INT"]
[Date "2025.06.03"]
[Round "9"]
[White "Marynychenko, Yehor"]
[Black "Kurmangaliyeva, Liya"]
[Result "1-0"]
[WhiteTitle "CM"]
[BlackTitle "FM"]
[WhiteElo "2183"]
[BlackElo "2246"]
[WhiteFideId "34160558"]
[BlackFideId "13725831"]
[EventDate "2025.06.03"]

1. e4 Nc6 2. d4 d5 3. exd5 Qxd5 4. Nf3 Bg4 5. Be2 O-O-O 6. c3 e5 7. O-O e4 8.
Nfd2 Bxe2 9. Qxe2 f5 10. Nb3 Nf6 11. c4 Nxd4 12. Nxd4 Qxd4 13. Be3 Qd3 14. Qe1
Ng4 15. Nc3 Bd6 16. Nb5 Bxh2+ 17. Kh1 a6 18. Qa5 Kb8 19. g3 Rd7 20. Nxc7 Qe2 21.
Nxa6+ bxa6 22. Qb6+ Rb7 23. Bf4+ Kc8 24. Qc6+ Kd8 25. Bg5+ Nf6 26. Bxf6+ gxf6
27. Rad1+ Ke7 28. Qxb7+ Ke6 29. Qd7+ Ke5 30. Qd6# 1-0

[Event "Titled Tue 3rd Jun Early"]
[Site "chess.com INT"]
[Date "2025.06.03"]
[Round "9"]
[White "Saiz Rodriguez, Daniel Evelio"]
[Black "Horobetz, Graham"]
[Result "0-1"]
[WhiteTitle "FM"]
[WhiteElo "2187"]
[BlackElo "2250"]
[WhiteFideId "3523420"]
[BlackFideId "2047322"]
[EventDate "2025.06.03"]

1. c4 c5 2. Nc3 g6 3. g3 Bg7 4. Bg2 Nc6 5. Nf3 e5 6. O-O Nge7 7. d3 d6 8. Ne1
Be6 9. Nd5 Qd7 10. Bg5 Bxd5 11. cxd5 Nd8 12. Nc2 O-O 13. e4 h6 14. Bd2 f5 15.
Qc1 f4 16. gxf4 exf4 17. Bxf4 Bxb2 18. Qe3 g5 19. Bxg5 hxg5 20. Bh3 Qe8 21.
Qxg5+ Qg6 22. Qxg6+ Nxg6 23. Rab1 Be5 24. Bf5 Nh4 25. f4 Bg7 26. Bh3 b6 27. Kh1
Kh8 28. Ne3 Bd4 29. Nc4 Nf7 30. Be6 Rad8 31. Rbe1 Ng6 32. Rf3 Ng5 0-1

[Event "Titled Tue 3rd Jun Early"]
[Site "chess.com INT"]
[Date "2025.06.03"]
[Round "9"]
[White "Tilahun, Abel Mathewos"]
[Black "Kawka, Milena"]
[Result "0-1"]
[WhiteTitle "CM"]
[BlackTitle "WCM"]
[WhiteElo "1944"]
[BlackElo "2004"]
[WhiteFideId "15702391"]
[BlackFideId "21095167"]
[EventDate "2025.06.03"]

1. d4 Nf6 2. c4 e6 3. Nf3 Bb4+ 4. Bd2 a5 5. g3 b6 6. Bg2 Bb7 7. O-O O-O 8. Nc3
Bxc3 9. Bxc3 Ne4 10. Rc1 Nxc3 11. Rxc3 d6 12. Qc2 Nd7 13. e4 e5 14. a3 a4 15.
Rd1 Qe7 16. Nh4 exd4 17. Rxd4 Nc5 18. Nf5 Qf6 19. Rf3 Qe5 20. Rf4 g6 21. Nh6+
Kg7 22. Qd2 Nb3 23. Rd5 Nxd2 24. Rxe5 dxe5 25. Rh4 Nxc4 26. Ng4 h5 27. Ne3 Nxe3
28. fxe3 Rad8 29. h3 Rd2 30. Kh2 Rxb2 0-1

[Event "Titled Tue 3rd Jun Early"]
[Site "chess.com INT"]
[Date "2025.06.03"]
[Round "9"]
[White "Fragkos, Vasileios"]
[Black "Dubnevych, Maksym"]
[Result "0-1"]
[WhiteTitle "CM"]
[BlackTitle "FM"]
[WhiteElo "2176"]
[BlackElo "2292"]
[WhiteFideId "25832646"]
[BlackFideId "14184001"]
[EventDate "2025.06.03"]

1. e4 e5 2. Nf3 Nc6 3. Bb5 a6 4. Ba4 Bc5 5. O-O Nge7 6. c3 Ng6 7. d4 Ba7 8. h3
O-O 9. Re1 d6 10. Bc2 Kh8 11. dxe5 dxe5 12. Qe2 f6 13. Be3 Bxe3 14. Qxe3 Be6 15.
Nbd2 Qe7 16. Bd3 Rad8 17. Bf1 Nf4 18. Kh2 g5 19. g3 Ng6 20. a4 h5 21. Ng1 h4 22.
a5 Kg7 23. g4 Nf4 24. Ra4 Rd7 25. Ngf3 Rfd8 26. Rb1 Bf7 27. b4 Nb8 28. Raa1 c6
29. Nb3 Bxb3 30. Rxb3 Rd3 31. Bxd3 Rxd3 32. Qc5 Qf7 33. Nxe5 Rxh3+ 34. Kg1 Qe6
35. Qb6 fxe5 36. Qc7+ Nd7 37. f3 Rxf3 38. Rd1 Qxg4+ 0-1

[Event "Titled Tue 3rd Jun Early"]
[Site "chess.com INT"]
[Date "2025.06.03"]
[Round "9"]
[White "Rozman, Levy"]
[Black "Sava, Robert-Gabriel"]
[Result "1-0"]
[WhiteTitle "IM"]
[BlackTitle "CM"]
[WhiteElo "2324"]
[BlackElo "2155"]
[WhiteFideId "2039877"]
[BlackFideId "1265725"]
[EventDate "2025.06.03"]

1. d4 d5 2. Bg5 Nf6 3. Nd2 e6 4. e3 Be7 5. c3 O-O 6. Bd3 c5 7. f4 Nc6 8. Bxf6
Bxf6 9. Ngf3 g6 10. h4 Bg7 11. h5 Qb6 12. Rb1 cxd4 13. exd4 Qc7 14. g3 Re8 15.
Qe2 Bd7 16. hxg6 hxg6 17. Qh2 e5 18. fxe5 Nxe5 19. dxe5 Bxe5 20. Qh7+ Kf8 21.
O-O Qb6+ 22. Kg2 Bf6 23. Rf2 Re3 24. Bxg6 fxg6 25. Qxd7 Rae8 26. Nd4 R8e7 27.
Qc8+ Kg7 28. Rh1 Re8 29. Qg4 Qd6 30. Nf5+ 1-0

[Event "Titled Tue 3rd Jun Early"]
[Site "chess.com INT"]
[Date "2025.06.03"]
[Round "9"]
[White "Dicen, Elis Denele"]
[Black "Gonzalez Vega, Alejandro"]
[Result "1-0"]
[WhiteTitle "WFM"]
[BlackTitle "FM"]
[WhiteElo "2135"]
[BlackElo "2092"]
[WhiteFideId "462560"]
[BlackFideId "3510042"]
[EventDate "2025.06.03"]

1. e4 c5 2. Nf3 a6 3. c3 e6 4. d4 cxd4 5. cxd4 d5 6. e5 Ne7 7. Nc3 Nec6 8. Bd3
Nd7 9. O-O Be7 10. Re1 O-O 11. Be3 f6 12. exf6 Nxf6 13. Qe2 Qe8 14. Rad1 Qh5 15.
Bb1 Bd6 16. h3 Bd7 17. a3 Rae8 18. Ba2 Kh8 19. Ng5 Qxe2 20. Rxe2 h6 21. Nf3 g5
22. Ne5 Bxe5 23. dxe5 Nh5 24. g3 Rc8 25. Na4 Nxe5 26. Nb6 Rc7 27. Bd4 Bb5 28.
Rxe5 Kg8 29. Rxe6 1-0

[Event "Titled Tue 3rd Jun Early"]
[Site "chess.com INT"]
[Date "2025.06.03"]
[Round "9"]
[White "Danzer, George"]
[Black "Donoso Aguirre, Maximiliano"]
[Result "0-1"]
[WhiteTitle "CM"]
[BlackTitle "CM"]
[WhiteElo "2172"]
[BlackElo "2002"]
[WhiteFideId "4659465"]
[BlackFideId "3458920"]
[EventDate "2025.06.03"]

1. e4 e5 2. Nf3 Nc6 3. Bb5 a6 4. Ba4 Nf6 5. O-O Be7 6. d3 b5 7. Bb3 d6 8. c3 O-O
9. Nbd2 h6 10. Re1 Re8 11. Nf1 Bf8 12. Ng3 Be6 13. d4 exd4 14. cxd4 Bg4 15. h3
Bxf3 16. gxf3 Na5 17. Bc2 c5 18. Nf5 Nc6 19. Be3 d5 20. e5 Nd7 21. Qd3 g6 22.
Nxh6+ Bxh6 23. Bxh6 Nxd4 24. Rad1 Nxe5 25. Rxe5 Rxe5 26. f4 Rh5 27. Bg5 Rxg5+
28. fxg5 Qxg5+ 29. Kh1 Re8 30. Rg1 Qh5 31. Bd1 Qe5 32. h4 Qe4+ 33. Qxe4 Rxe4 34.
h5 Kg7 0-1

[Event "Titled Tue 3rd Jun Early"]
[Site "chess.com INT"]
[Date "2025.06.03"]
[Round "9"]
[White "Lamard, Guillaume"]
[Black "Ambartsumian, Tyhran"]
[Result "1-0"]
[WhiteTitle "GM"]
[BlackTitle "CM"]
[WhiteElo "2500"]
[BlackElo "2179"]
[WhiteFideId "600261"]
[BlackFideId "34161112"]
[EventDate "2025.06.03"]

1. e4 e5 2. Nf3 Nc6 3. Bb5 a6 4. Ba4 Nf6 5. O-O Be7 6. Bxc6 dxc6 7. d3 Bd6 8.
Nbd2 Be6 9. Nb3 O-O 10. Na5 Qc8 11. Bd2 Nd7 12. Bc3 f6 13. Nh4 Kh8 14. Nf5 g6
15. Ne3 c5 16. a4 b5 17. b3 Nb6 18. h4 Qe8 19. Nb7 bxa4 20. Nxd6 cxd6 21. b4 Qc6
22. bxc5 Qxc5 23. Qd2 Nd7 24. Bb4 Qc6 25. f4 exf4 26. Rxf4 Rfc8 27. Raf1 d5 28.
h5 Kg7 29. exd5 Bxd5 30. Rd4 Bf7 31. Ng4 gxh5 32. Qh6+ Kg8 33. Rxd7 hxg4 34.
Rxf7 Kxf7 35. Qxh7+ Ke6 36. Qe7+ Kd5 37. Qe4# 1-0

[Event "Titled Tue 3rd Jun Early"]
[Site "chess.com INT"]
[Date "2025.06.03"]
[Round "9"]
[White "Negrean, Andrei"]
[Black "Ilinca, Felix-Antonio"]
[Result "0-1"]
[WhiteTitle "FM"]
[BlackTitle "IM"]
[WhiteElo "2336"]
[BlackElo "2420"]
[WhiteFideId "1291513"]
[BlackFideId "54764998"]
[EventDate "2025.06.03"]

1. e4 c6 2. d4 d5 3. Nc3 dxe4 4. Nxe4 Nf6 5. Ng5 h6 6. Nxf7 Kxf7 7. Nf3 e6 8.
Bd3 Nbd7 9. O-O Bd6 10. Re1 Qc7 11. Qe2 Re8 12. Ne5+ Kg8 13. h4 Nf8 14. g4 Bxe5
15. dxe5 Nd5 16. f4 Qf7 17. Qe4 b5 18. Re2 Bb7 19. g5 h5 20. g6 Qe7 21. Qf3 Qxh4
22. Bd2 Qg4+ 23. Qg3 Qxg3+ 0-1